|
|
|
|
| LEADER |
00798nab a2200181 i 4500 |
| 001 |
publ21044 |
| 005 |
20210316081920.0 |
| 008 |
210316s2020 hu o 0|| zxx d |
| 022 |
|
|
|a 2063-9058
|
| 024 |
7 |
|
|a 31914495
|2 mtmt
|
| 040 |
|
|
|a SZTE Publicatio Repozitórium
|b hun
|
| 041 |
|
|
|a zxx
|
| 100 |
1 |
|
|a Pétervári Máté
|
| 245 |
1 |
2 |
|a A szolgabírák hatáskörének bemutatása az 1870
|h [elektronikus dokumentum] :
|b XLII. tc. rendelkezései alapján /
|c Pétervári Máté
|
| 260 |
|
|
|c 2020
|
| 300 |
|
|
|a 238-259
|
| 490 |
0 |
|
|a PRO PUBLICO BONO: MAGYAR KÖZIGAZGATÁS; A NEMZETI KÖZSZOLGÁLATI EGYETEM KÖZIGAZGATÁS-TUDOMÁNYI SZAKMAI FOLYÓIRATA
|v 8 No. 3
|
| 856 |
4 |
0 |
|u http://publicatio.bibl.u-szeged.hu/21044/1/Aszolgabirakhataskorenekbemutatasaaz1870XLII.tc.rendelkezeseialapjan-P.M..pdf
|z Dokumentum-elérés
|